000 00238nam a2200109Ia 4500
008 190216s9999||||xx |||||||||||||| ||und||
100 _aMack Balan
245 4 _aThe Executioner
260 _bCorgi Books
650 _aEnglish
942 _cBK
999 _c12771
_d12771